God Does Like Ugly Tracklist (JID) - Statistics

General Stats
  • This quiz has been taken 94 times
    9 since last reset
  • The average score is 16 of 21
Answer Stats
# Title % Correct
10 Community (with Clipse)
100%
21 For Keeps
100%
7 Glory
100%
11 Gz
100%
19 Of Blue (with Mereba)
100%
13 Sk8 (with Ciara & EARTHGANG)
100%
15 Wholeheartedly (with Ty Dolla $ign & 6LACK)
100%
9 WRK
100%
6 YouUgly (with Westside Gunn)
100%
5 Animals (Pt. 1) (with Eminem)
75%
16 No Boo (with Jessie Reyez)
75%
12 VCRs (with Vince Staples)
75%
14 What We On (with Don Toliver)
75%
17 And We Vibing (Interlude)
50%
1 Behold
50%
3 Knew Better (with Lil Yachty)
50%
20 K-Word (with Pastor Troy)
50%
18 On McAfee (with Baby Kia)
50%
8 Sun (with Anycia)
50%
2 Beau
25%
4 Lisa (with 6LACK)
25%
No matching quizzes found
Score Distribution
Percent of People with Each Score
Percentile by Number Answered
Your Score History
You have not taken this quiz since the last reset